02780nam a22003017a 4500001001000000002000600010003001100016005001700027006001900044007000300063008004100066040001400107041000800121050002200129100004200151245009300193246006700286260004700353300008600400520073800486563093301224600005502157650002202212650004502234650004202279700002302321856013402344BRCA_8569s/no.FranzMayer20260507110012.0a||||fr|||| 000 0 tz251006s1622 -naa|||f f||| 000 0 dut d aBMFMbspa0 adut 0aND1290b.D87 16221 aDürer, Albrechtd(1471-1528)4autor10aBeschryvinghe van de Albrecht Durer, van de menschelijke proportion /cAlbrecht, Dürer11aDescripción de Albrecht Dürer sobre la proporción humana aArnhem, Países Bajos: bJan Jansz,c1622 a161 páginas :bIlustraciones y diagramas xilográficos ;c31.2 x 21.5 x 4.2 cm3 aEdición holandesa de uno de los libros de la obra: "Vier Bücher von menschlicher Proportion" (Cuatro libros de proporciones humanas) del artista Albrecht Dürer, también concido en español como Alberto Durero. bInspirado en los tratados estéticos de Vitruvio; Villard de Honnecourt; Alberti y Leonardo da Vinci, en este libro Dürer analiza las proporciones del cuerpo humano según distintos tipos físicos. Su relevancia radica en que fue uno de los primeros artistas en abordar la antropometría comparativa y diferencial, demostrando, según reglas matemáticas, cómo varían las proporciones en cuerpos de distintas características y edades (niños, adultos, personas delgadas, corpulentas, entre otros). aOtras referencias físicas: Encuadernación entera en pergamino. El papel del cuerpo del libro está formado por pulpa de trapo, hecho a mano, con marcas de verjurado. El cuerpo del libro está formado por cuadernillos unidos mediante costura alternada sobre cuatro soportes de costura sencillos y elevados, de piel alumada. Las prolongaciones se usaron para unir el cuerpo a la cartera. El cuerpo presenta escartivanas a las que se adhirieron y cosieron láminas desplegables. Lomera recta con endoses de tela en los cinco paneles. En los paneles de cabeza y pie (uno y cinco) endoses de papel. Cabezadas tejidas con hilo azul, con almas de piel alumada y prolongaciones enlazadas a la cartera. Cantos del cuerpo refinados. Soportes de las tapas probablemente de cartón. Cartera con extensiones al frente. Rótulo manuscrito en el lomo. Texto impreso. La tipografía en las dos últimas páginas es distinta al resto10aDürer, Albrechtd1471-1528xWorks on proportions10aAnatomy, Artistic10aHuman figure in artyEarly works to 180010aProportion (Art)yEarly works to 18001 eeditoraJansz, Jan41qTIFF//PDFuhttps://bibliotecadigital.franzmayer.org.mx/items/602014b3-a8a6-46ee-ab01-ae1c6ef3e086yBiblioteca Digital Franz Mayer